000 00555nam a22001937a 4500
003 MPLRDC
005 20220104200132.0
008 210129b ||||| |||| 00| 0 eng d
020 _a978-957-05-2552-6
082 _a300.839 WAL v.2
100 _a华莱士 ALFRED RUSSEL WALLACE
245 _a马来群岛科学考察记. 下
_c吕金录 译
250 _a二版一刷
260 _a台湾
_b台湾商务印书馆股份有限公司
_c2010
300 _b
490 _aOPEN 2/51
650 _a博物志--南洋群岛
942 _cBK
_o300.839 WAL v.2
999 _c66551
_d66541